=LDR 00000nam 2200000 4500 =001 INLIS000000000008812 =005 20130612100633 =008 ***********************************Ind** =035 ##$$0010-061300000008812 =041 ##$$a Ind =082 ##$$a F Rom D =090 ##$$a F Rom D, Los k =100 ##$$a Lestari, V =245 ##$$a Ketika Barongsai menari, V.lestari =260 ##$$a 2000 $b Jakarta =300 ##$$a 100 hlm, 18 cm =650 ##$$a Fiksi Dewasa